000 00275nam a22001097a 4500
040 _cNust
082 _a351.1
_bRULE
245 _aRules of business 1973
260 _aLahore:
_bPakistan service law Publication,
650 _aRules of business 1973
_9127256
942 _2ddc
_cBK
999 _c612453
_d612453